00280nam a2200109Ia 4500008004100000100002700041245004500068260002200113650001100135942000700146999001700153190216s9999||||xx |||||||||||||| ||und|| aWilliam D Marakkal Roy 0aKosha Physiologyum Jeeva Resathanthravum bKerala Basha Inst aBotany cBK c38694d38694